| 000 | 00799nam a22001337a 4500 | ||
|---|---|---|---|
| 040 | _cRUA | ||
| 082 | _aAGR CHH 2009 B040 Or.1 | ||
| 100 | _aCHHORVY, MONYKOLYAN. | ||
| 245 | _aComparision of different rates of effluent fertilizer on swatow mustard at crop station of royal university of agriculture ការប្រៀបធៀបជីឡជីវឧស្ម័នក្នុងកំរិតខុសៗគ្នាទៅលើស្ពៃជើងទា នៅស្ថានីយ៍ពិសោធន៍ដំណាំនៃសាកលវិទ្យាល័យភូមិន្ទកសិកម្ម | ||
| 260 |
_aPhnom Penh _bRUA _c2009 |
||
| 300 |
_axii; 56p. _bill. _c29cm. |
||
| 856 | _uhttps://drive.google.com/file/d/1ityuefLdi7xhu6Nm4RgcW81PsrximWYb/view?usp=sharing | ||
| 942 | _cAGR | ||
| 999 |
_c935 _d935 |
||